LDR 00635naa#a2200205#i#450# 001 EN\\bibl\110525 005 20260517223638.7 011 ## _a2071-7318 100 ## _a20260508b2026####ek#y0engy0150####ca 102 ## _aRU 200 1# _aPREDICTION OF PISTON RING WEAR IN MARINE MAIN ENGINE USING NEURAL NETWORKS _eJournal article 210 1# _aBelgorod _cBelgorod State Technological University named after V.G. Shukhov _d2026 215 ## _a8 с. 608 ## _aJournal article _2local 700 #1 _aGrinek _gA. V. 700 #1 _aFishchenko _gA. M. 700 #1 _aBoychuk _gI. P. 700 #1 _aBashkatov _gV. A. 700 #1 _aPerelygin _gD. N. 856 4# _anaukaru.ru _u